Relaciones Cubanas-Dominicanas su escenario hemisferico (1944-1948) / Jorge Renato Ibarra Guitart (Registro nro. 1746)
[ vista simple ]
| 000 -LEADER | |
|---|---|
| fixed length control field | 00655nam a2200217Ia 4500 |
| 003 - CONTROL NUMBER IDENTIFIER | |
| control field | DO-SdBJH |
| 005 - DATE AND TIME OF LATEST TRANSACTION | |
| control field | 20171119052517.0 |
| 008 - FIXED-LENGTH DATA ELEMENTS--GENERAL INFORMATION | |
| fixed length control field | 171116s9999 dr 000 0 spa d |
| 020 ## - INTERNATIONAL STANDARD BOOK NUMBER | |
| International Standard Book Number | 98-78-9945-074-22-2 |
| 040 ## - CATALOGING SOURCE | |
| Original cataloging agency | DO-SdBJH |
| Language of cataloging | spa |
| Transcribing agency | DO-SdBJH |
| 041 ## - LANGUAGE CODE | |
| Language code of summary or abstract | spa |
| 082 ## - DEWEY DECIMAL CLASSIFICATION NUMBER | |
| Classification number | 900 IB12r |
| 100 1# - MAIN ENTRY--PERSONAL NAME | |
| Personal name | Ibarra Guitart, Jorge Renato |
| 245 10 - TITLE STATEMENT | |
| Title | Relaciones Cubanas-Dominicanas su escenario hemisferico (1944-1948) / Jorge Renato Ibarra Guitart |
| 260 ## - PUBLICATION, DISTRIBUTION, ETC. (IMPRINT) | |
| Place of publication, distribution, etc. | Santo Domingo : Búho, 2011 |
| 300 ## - PHYSICAL DESCRIPTION | |
| Extent | 309 Páginas |
| 650 #4 - SUBJECT ADDED ENTRY--TOPICAL TERM | |
| Topical term or geographic name as entry element | Historia y Geografia |
| 942 ## - ADDED ENTRY ELEMENTS (KOHA) | |
| Source of classification or shelving scheme | Dewey Decimal Classification |
| Koha item type | Libros |
| Withdrawn status | Lost status | Source of classification or shelving scheme | Damaged status | Not for loan | Collection code | Home library | Current library | Shelving location | Date acquired | Inventory number | Total Checkouts | Full call number | Barcode | Date last seen | Copy number | Price effective from | Koha item type |
|---|---|---|---|---|---|---|---|---|---|---|---|---|---|---|---|---|---|
| Dewey Decimal Classification | Colección General | SIBM UNADE - Biblioteca Escuela de Graduados de Estudios Militares, ERD | SIBM UNADE - Biblioteca Escuela de Graduados de Estudios Militares, ERD | En estantería | 11/11/2017 | 16-EERD-000419 | 900 IB12r | 16-EERD-000419 | 11/18/2017 | Ej.1 | 11/11/2017 | Libros |
